1371 1189 1476 1268 1706 1834 1828 1232 1993 1568 1547 1637 1389 1024 1296 1453 1371 1513 1595 1592 1373 1065 1713 1917 1894 1568 1101 1606 1817 1771 1382 1780 1866 1601 1074 1761 1618 1649 1123 1035 1049 1458 1810 1640 1694 1738 1635 1830 1811 1960 1623 1333 1547 1571 1547 1688 1210 1747 1209 1645 1798 1981 1901 1932 1240 1597 1613 1103 1912 1831 1280 1054 1665 1509 1188 1778 1537 1418 1568 1149 1242 1672 1677 1014 1450 1047 1363 1221 1904 1902 1885 1078 1437 1859 1847 1814 1755 1944 1261 BCNSPRNW ULIB Ver.6.0+V

เปลี่ยนเป็นภาษาไทย

Change to English
 แสดงรายละเอียดบรรณานุกรม
  กลับหน้าหลัก

Brief Record : Get Marc (ISO 2709) : E-mail record : QR code < ปิดหน้าต่าง
LEADER : 00000nam 2200000uu 4500
001    13399114279
003     ULIB
008    110627s||||||||th 000 0 tha d
020    9789749140869
090    นว.^bช516ค
100 0  ชาติ กอบจิตติ
245 00 คำพิพากษา/^cชาติ กอบจิตติ
250    พิมพ์ครั้งที่ 4
260    กรุงเทพฯ :^bพี เอ ลิฟวิ่ง,^c2547
300    328 หน้า
710 1  พี เอ ลิฟวิ่ง
945    ^p265^l0^i022048
995    ทศพร
999 ^a ใช้งานได้ทุกระบบ
รายการนี้ยังไม่มีแท็ก
คุณยังไม่ได้ล็อกอิน คุณสามารถมีกิจกรรมร่วมกับเว็บไซต์ได้ แต่ต้องล็อกอินก่อน ::
  ล็อกอิน

รายการสื่อสารสนเทศ

ลำดับที่ ประเภท เลขเรียก/บาร์โค้ด สถานที่ สถานะ
1. นวนิยาย
นวนิยาย
นว. ช516ค ฉ.1 
  Barcode: 022048
ห้องสมุดวิทยาเขตสวรรค์ประชารักษ์
►นวนิยาย
บนชั้น
  ขอยืม

BibComment


ยังไม่เคยถูกคอมเมนท์

คอมเมนท์ทรัพยากรรายการนี้
  คอมเมนท์: คำพิพากษา ชาติ ก..


 Copyright 2026. Bcnsprnw @Library